Clemson Basketball Season Leaders - Statistics

General Stats
  • This quiz has been taken 6 times
  • The average score is 6 of 18
Answer Stats
Answer % Correct
P.J Hall
100%
Marcquise Reed
80%
Rod Hall
80%
K.J McDaniels
60%
Aamir Simms
40%
Jaron Blossomgame
40%
Nick Honor
40%
Shelton Mitchell
40%
David Collins
20%
Devin Booker
20%
Donte Grantham
20%
Elijah Thomas
20%
Jordan Roper
20%
Landry Nnoko
20%
Tevin Mack
20%
Andre Young
0%
Sidy Djitte
0%
Tanner Smith
0%
No matching quizzes found
Score Distribution
Percent of People with Each Score
Percentile by Number Answered
Your Score History
You have not taken this quiz